Test scores and what they mean
Αποθηκεύτηκε σε:
| Κύριος συγγραφέας: | |
|---|---|
| Μορφή: | Βιβλίο |
| Γλώσσα: | English |
| Δημοσίευση: |
Boston :
Allyn & Bacon,
1991
|
| Έκδοση: | 5th ed. |
| Θέματα: | |
| Ετικέτες: |
Προσθήκη ετικέτας
Δεν υπάρχουν, Καταχωρήστε ετικέτα πρώτοι!
|
MARC
| LEADER | 00000nam a2200000 i 4500 | ||
|---|---|---|---|
| 001 | 1/80646 | ||
| 008 | 990511s1991 eng d | ||
| 020 | |a 0-13-904178-8 | ||
| 035 | |l 10050687 | ||
| 040 | |a GR-MY-UA |b gre |e aacr | ||
| 041 | 0 | |a eng | |
| 082 | 0 | |a 371.26 | |
| 100 | 1 | |a Lyman, Howard Burbeck |d 1920- | |
| 245 | 1 | 0 | |a Test scores and what they mean / |c Howard B. Lyman |
| 250 | |a 5th ed. | ||
| 260 | |a Boston : |b Allyn & Bacon, |c 1991 | ||
| 300 | |a 170 p. | ||
| 650 | 0 | 0 | |a Educational tests and measurements |z United States |x Interpretation. |
| 650 | 0 | 0 | |a Educational tests and measurements |z United States |x Validity. |
| 650 | 0 | 0 | |a Educational tests and measurements |z United States |x Data processing. |
| 650 | 0 | 0 | |a Psychological tests |z United States |x Validity. |
| 650 | 0 | 0 | |a Psychological tests |z United States |x Data processing. |
| 852 | |a INST |b RHODES |e 19990511 |h 371.26 LYM |p 005400015210 |q 005400015210 |t BK |y 0 | ||
| 901 | |a BIBL4-1999-2 | ||
| 909 | |a Ρ |b 064907 |c 1999 | ||
| 922 | |a 4ΕΛΗ |b 199903 |d LEADER | ||